States with Volcanoes - Statistics

General Stats
  • This quiz has been taken 79 times
  • The average score is 11 of 12
Answer Stats
Number of Volcanoes State % Correct
14 Oregon
100%
80 Alaska
98%
7 Washington
98%
5 Hawaii
97%
2 Arizona
95%
11 California
95%
4 Idaho
95%
1 Colorado
94%
1 Nevada
92%
1 Wyoming
90%
4 New Mexico
87%
2 Utah
86%
No matching quizzes found
Score Distribution
Percent of People with Each Score
Percentile by Number Answered
Your Score History
You have not taken this quiz